Normal view
MARC view
- سمعان،وهيب مؤلف/مرسي،محمد منير م.مشارك
Entry Personal Name
001 - CONTROL NUMBER
- control field: 17717
003 - CONTROL NUMBER IDENTIFIER
- control field: JO-AjAnu
005 - DATE AND TIME OF LATEST TRANSACTION
- control field: 20230606073126.0
008 - FIXED-LENGTH DATA ELEMENTS
- fixed length control field: 230606|| aca||aabn | a|a d
040 ## - CATALOGING SOURCE
- Original cataloging agency: JO-AjAnu
- Transcribing agency: JO-AjAnu
100 ## - HEADING--PERSONAL NAME
- Personal name: سمعان،وهيب مؤلف/مرسي،محمد منير م.مشارك
670 ## - SOURCE DATA FOUND
- Source citation: Work cat.: (JO-AjAnu)9101: سمعان،وهيب مؤلف/مرسي،محمد منير م.مشارك, author, الإدارة المدرسية الحديثة